| 000 | 00639nam a22002297a 4500 | ||
|---|---|---|---|
| 005 | 20170124110030.0 | ||
| 010 | _aA-141621 | ||
| 020 | _c00.00 | ||
| 035 | _aA-141621 | ||
| 037 | _bCen Lib/Ret | ||
| 040 |
_adpl _bEN |
||
| 082 |
_a338.8 _bROB |
||
| 100 |
_aRobinson, Joan _921536 |
||
| 245 |
_aThe economics of imperfect competition / _cby Joan Robinson |
||
| 250 | _a2nd ed | ||
| 260 |
_bMaCmillan St Martins Press _c1969 _aLondon |
||
| 270 |
_aLittle Essex Street _bLondon |
||
| 300 |
_axx,352p. : _c20cm(Hb) _bill. |
||
| 500 | _aIncludes index | ||
| 650 |
_aEconomics. _922193 |
||
| 942 |
_2ddc _cEN _h338.8 _mROB |
||
| 999 |
_c127784 _d127784 |
||